[Event "AUS-ch U18 Girls"]
[Site "Adelaide"]
[Date "2003.01.20"]
[Round "8"]
[White "Bierton, Brittanie"]
[Black "Reid, Vanessa"]
[Result "0-1"]
[WhiteElo "760"]
[BlackElo "1216"]
[PlyCount "70"]
[EventDate "2003.01.??"]
[EventType "swiss"]
[EventRounds "11"]
[EventCountry "AUS"]
[SourceTitle "EXT 2006"]
[Source "ChessBase"]
[SourceDate "2005.11.24"]
[SourceVersion "1"]
[SourceVersionDate "2005.11.24"]
[SourceQuality "1"]

1. e4 e6 2. d4 d5 3. exd5 exd5 4. Nf3 Bd6 5. c4 dxc4 6. Bxc4 Nf6 7. Nc3 0-0 8. Bg5 Be7 9. Ne5 Nbd7 10. Qb3 Qe8 11. 0-0 a6 12. a4 Nb6 13. Bxf7+ Rxf7 14. Nxf7 Qxf7 15. Qxf7+ Kxf7 16. Rfe1 Bd7 17. Rac1 Rc8 18. Bf4 Nbd5 19. Bg3 Nxc3 20. Rxc3 Bb4 21. Rec1 Bxc3 22. bxc3 Bxa4 23. f4 c5 24. Bf2 Ng4 25. d5 Nxf2 26. Kxf2 c4 27. Ke3 Rd8 28. Kd4 Bc6 29. Kxc4 Bxd5+ 30. Kc5 Bxg2 31. Rc2 Bc6 32. c4 Kf6 33. Kb6 Kf5 34. Rf2 Rd4 35. Rg2 Bxg2 0-1